000
00370nam a2200133Ia 4500
008
151001s9999||||xx |||||||||||||| ||und||
100
_a
ज्योतिबा फुले
245
_a
सार्वजनिक सत्य धम
250
_a
1
260
_b
गोदा प्रकाशन
260
_c
2008
300
_a
116
365
_b
21
999
_c
998032
_d
998029